000 00562nam a2200169Ia 4500
008 090201s9999 xx 000 0 und d
010 _aKPL-31072
040 _bमराठी
041 _aमराठी
082 _a31800
_b31072
100 _aसुरेश पीप्रोडीया
245 _aबाई साहेब
_cसुरेश पीप्रोडीया
260 _c2004
_bअजब पुस्तकालय प्रकाशन
300 _a67
_bमोठा
600 _aबाई साहेब
942 _cBOOK
999 _c230199
_d230199